Normal view
MARC view
Entry Topical Term
001 - CONTROL NUMBER
- control field: 29322
003 - CONTROL NUMBER IDENTIFIER
- control field: dpl
005 - DATE AND TIME OF LATEST TRANSACTION
- control field: 20110708150625.0
008 - FIXED-LENGTH DATA ELEMENTS
- fixed length control field: 110708|||a|||||| | ||| d
040 ## - CATALOGING SOURCE
- Original cataloging agency: dpl
- Transcribing agency: dpl
150 ## - HEADING--TOPICAL TERM
- Topical term or geographic name as entry element: मराटी कथासंग्रह
670 ## - SOURCE DATA FOUND
- Source citation: Work cat.: (dpl): भाष रामचंद्र 29276, गुबूगुबू /, 2010
670 ## - SOURCE DATA FOUND
- Source citation: Work cat.: (dpl): भाष रामचंद्र 29276, गुबूगुबू /, 2010
